| 000 | 00568nam a22001937a 4500 | ||
|---|---|---|---|
| 999 |
_c6150 _d6150 |
||
| 003 | AR-CdUCM | ||
| 008 | 190313b ||||| |||| 00| 0 spa d | ||
| 040 |
_aMUNICIPALIDAD PROVINCIAL DEL CUSCO _cBIBLIOTECA MUNICIPAL DEL CUSCO |
||
| 082 |
_a869.56 / _bF41 |
||
| 100 |
_aFernández de Córdova, Guido _917810 |
||
| 245 | _aProyectos / | ||
| 260 |
_aTacna : _bEdiciones Sadin, _c1979. |
||
| 300 |
_a33 páginas ; _c21 cm. |
||
| 440 |
_aColección El Sauce. _917811 |
||
| 650 |
_aPoesías peruanas _91481 |
||
| 650 |
_aSiglo XX _98 |
||
| 942 |
_2ddc _cLIBROS |
||
| 945 | _azta | ||